• 首页
  • 本馆介绍
  • 公告通知
  • 最新文献
  • 馆藏检索
  • 电子资源
  • 读者导购
  • 参考咨询
  • 我的图书馆
  • 登录
  • 详细信息显示
  • 放入我的书架
  • 预约/预借图书
  • 作者相关作品
  • 分类相关作品
  • 丛书相关作品
  • 出版社相关作品

书目信息

  • 表格格式
  • 工作单格式
  • 卡片格式
题名:
中文版Premiere Pro 2020基础培训教程
    
 
作者: ;数字艺术教育研究室 编著
分册:  
出版信息: 北京   人民邮电出版社  2022
页数: 212页
开本: 26cm
丛书名:
单 册:
中图分类: TP317.53
科图分类:
主题词: 视频编辑软件--教材
电子资源:
ISBN: 978-7-115-57749-8
000 01321nam0 2200241 450
001 2273573901
005 20220917202639.43
010    @a978-7-115-57749-8@dCNY69.90
100    @a20220419d2022 em y0chiy50 ea
101 0  @achi
102    @aCN@b110000
105    @aa z 000yy
200 1  @a中文版Premiere Pro 2020基础培训教程@9zhong wen ban Premiere Pro 2020 ji chu pei xun jiao cheng@e全彩版@f数字艺术教育研究室编著
210    @a北京@c人民邮电出版社@d2022
215    @a212页@c彩图@d26cm
300    @a数字艺术精品课程培训教材
330    @a本书全面系统地介绍Premiere Pro的基本操作方法及影视编辑技巧,内容包括Premiere Pro基本操作、影视剪辑、视频过渡应用、视频效果应用、调色与叠加、添加字幕、加入音频、输出文件和商业案例实训,既详细讲解了基础知识,又重视实践应用。本书内容以课堂案例为主线,通过对各案例的实际操作,读者可以快速上手,熟悉软件功能和影视后期编辑思路。书中对软件功能的解析有助于读者深入学习软件功能。课堂练习和课后习题可以拓展读者的思路,并提高实际应用能力,帮助读者更好地:掌握软件的使用技巧。商业案例实训可以帮助读者快速掌握影视后期制作的设计理念和设计元素,并顺利达到实战水平。
606 0  @a视频编辑软件@j教材
610 0  @aPremiere Pro
690    @aTP317.53@v5
711 02 @a数字艺术教育研究室@9shu zi yi shu jiao yu yan jiu shi@4编著
801  0 @aCN@b91MARC@c20220525
905    @aZUCC@dTP317.53@e10
    
    中文版Premiere Pro 2020基础培训教程:全彩版/数字艺术教育研究室编著.-北京:人民邮电出版社,2022
    212页:彩图;26cm
    数字艺术精品课程培训教材
    
    ISBN 978-7-115-57749-8:CNY69.90
    本书全面系统地介绍Premiere Pro的基本操作方法及影视编辑技巧,内容包括Premiere Pro基本操作、影视剪辑、视频过渡应用、视频效果应用、调色与叠加、添加字幕、加入音频、输出文件和商业案例实训,既详细讲解了基础知识,又重视实践应用。本书内容以课堂案例为主线,通过对各案例的实际操作,读者可以快速上手,熟悉软件功能和影视后期编辑思路。书中对软件功能的解析有助于读者深入学习软件功能。课堂练习和课后习题可以拓展读者的思路,并提高实际应用能力,帮助读者更好地:掌握软件的使用技巧。商业案例实训可以帮助读者快速掌握影视后期制作的设计理念和设计元素,并顺利达到实战水平。
●
相关链接 在五车中查询图书 在当当中查询图书 在豆瓣中查询图书


正题名:中文版Premiere Pro 2020基础培训教程     索取号:TP317.53/10         预约/预借

序号 登录号 条形码 馆藏地/架位号 状态 备注
1 2000897074   2000897074   第三书库/ [索取号:TP317.53/10] 在馆    
2 2000897075   2000897075   第三书库/ [索取号:TP317.53/10] 在馆    
3 2000897076   2000897076   第三书库/ [索取号:TP317.53/10] 在馆    
山东省滨州职业学院图书馆 欢迎您!
大连网信软件有限公司© 版权所有